The Commercial Real Estate Tsunami : (Record no. 610943)

MARC details
000 -LEADER
fixed length control field 00507nam a2200193 a 4500
001 - CONTROL NUMBER
control field 1770453311746
003 - CONTROL NUMBER IDENTIFIER
control field YourLibrary
005 - DATE AND TIME OF LATEST TRANSACTION
control field 20260207140841.0
008 - FIXED-LENGTH DATA ELEMENTS--GENERAL INFORMATION
fixed length control field 260207s2010##################000#0#eng##
020 ## - INTERNATIONAL STANDARD BOOK NUMBER
International Standard Book Number 9780470626825
082 04 - DEWEY DECIMAL CLASSIFICATION NUMBER
Classification number 333.33870973
Item number WOO
040 ## - CATALOGING SOURCE
Original cataloging agency YourLibrary
Language of cataloging eng
Transcribing agency YourLibrary
100 1# - MAIN ENTRY--PERSONAL NAME
Personal name Wood, Tony,
Relator term author.
245 10 - TITLE STATEMENT
Title The Commercial Real Estate Tsunami :
260 ## - PUBLICATION, DISTRIBUTION, ETC.
Name of publisher, distributor, etc. Wiley,
Date of publication, distribution, etc. 2010.
300 ## - PHYSICAL DESCRIPTION
Extent 215 pages
650 #0 - SUBJECT ADDED ENTRY--TOPICAL TERM
Topical term or geographic name entry element Business & Economics.
942 ## - ADDED ENTRY ELEMENTS (KOHA)
Koha item type English Books
Holdings
Withdrawn status Lost status Damaged status Not for loan Home library Current library Shelving location Date acquired Total Checkouts Full call number Barcode Date last seen Price effective from Koha item type
        Anna Centenary Library Anna Centenary Library 4TH FLOOR, A WING 07.02.2026   333.33870973 WOO 131166 07.02.2026 07.02.2026 English Books

Find us on the map